000 00777nas a22002057a 4500
003 NALT
005 20210713153300.0
008 201111b th |||p| |||| 00| 0 tha d
022 _a01258389
040 _a์NALT
041 0 _atha
245 1 0 _aวารสารวิชาการเกษตร
260 3 _bกรมวิชาการเกษตร
310 _aรายสี่เดือน
850 _aNALT
856 4 0 _uhttps://li01.tci-thaijo.org/index.php/thaiagriculturalresearch/issue/view/16910
_yเอกสารฉบับเต็ม
866 3 1 _a ปีที่ 34 ฉบับที่ 1 (2561), ปีที่ 38 ฉบับที่ 1-3 (ม.ค.-ธ.ค. 2563)
942 _cJNR
_s1
_2lcc
998 _b34
_d2016-06-30 15:42:37.370
_j755
_k จินตนา เอี่ยมคง
999 _c82892
_d82892